[Medzinárodná ekonomická integrácia rozvojových krajín (Aktuálne problémy a výzvy)]

Recenzia na vedeckú mongrafiu, ktorá je súčasťou projektu VEGA 1/0391/13. Sú v nej spracované integračné zoskupenia podľa jednotlivých svetových regiónov a kladie si za cieľ identifikovať najdôležitejšie a najperspektívnejšie zoskupenia sformované v procese medzinárodnej ekonomickej integrácie rozvo...

ver descrição completa

Na minha lista:
Detalhes bibliográficos
Autor principal: Ružeková, Viera, 1957-
Formato: Capítulo de Livro
Idioma:eslovaco
Assuntos:
Tags: Adicionar Tag
Sem tags, seja o primeiro a adicionar uma tag!

MARC

LEADER 00000naa a2200000 4500
001 0190686
005 20240502073216.7
041 0 |a slo 
044 |a SK 
245 1 0 |a [Medzinárodná ekonomická integrácia rozvojových krajín (Aktuálne problémy a výzvy)]  |c Viera Ružeková 
520 |a Recenzia na vedeckú mongrafiu, ktorá je súčasťou projektu VEGA 1/0391/13. Sú v nej spracované integračné zoskupenia podľa jednotlivých svetových regiónov a kladie si za cieľ identifikovať najdôležitejšie a najperspektívnejšie zoskupenia sformované v procese medzinárodnej ekonomickej integrácie rozvojových krajín. 
610 2 0 |a recenzie 
610 2 0 |a zoskupenia integračné medzinárodné 
610 2 0 |a krajiny rozvojové 
610 2 0 |a integrácia ekonomická medzinárodná 
100 1 |a Ružeková, Viera, 1957-